[Event "Cto Aragon Equipos 2016 Pref Gr II"]
[Site "Aragon"]
[Date "2016.02.13"]
[Round "3.54"]
[White "Maza Broto, Pablo"]
[Black "Garcia Andres, Daniel"]
[Result "0-1"]
[WhiteElo "2082"]
[BlackElo "2001"]
[PlyCount "96"]
[EventDate "2016.01.30"]
[WhiteTeam "Jaime Casas B"]
[BlackTeam "St. Casablanca C"]

1. c4 g6 2. Nc3 d6 3. d4 Bg7 4. e4 e5 5. Nf3 Bg4 6. Be3 Nc6 7. dxe5 Nxe5 8. Be2
Nxf3+ 9. gxf3 Bd7 10. Qd2 Nf6 11. O-O-O Qe7 12. Kb1 O-O 13. h4 h5 14. Bg5 Bc6
15. Nd5 Bxd5 16. cxd5 Qe5 17. Bf4 Qe8 18. Rc1 Rc8 19. Bf1 a5 20. Bh3 Rd8 21.
Rhe1 Nd7 22. Rxc7 Nc5 23. Bxd6 Rxd6 24. Rxc5 Rb6 25. Rc2 Qe5 26. f4 Qf6 27. e5
Qxh4 28. Bd7 Rb4 29. e6 fxe6 30. Bxe6+ Kh7 31. f5 gxf5 32. Qd1 Qg5 33. Rh1 h4
34. a3 Re4 35. f3 Rf4 36. Rg1 Qf6 37. Qc1 Bh6 38. Rc7+ Kh8 39. Qc3 Qxc3 40.
bxc3 Rxf3 41. Rg6 Bf4 42. Rd7 Rg3 43. Rdg7 Rxg6 44. Rxg6 h3 45. Rg1 h2 46. Rf1
Bd6 47. a4 Rf6 48. Kc2 Rg6 0-1

[Event "Cto Aragon Equipos 2016 Pref Gr II"]
[Site "Aragon"]
[Date "2016.02.13"]
[Round "3.55"]
[White "Abad Vinas, Jesus Manuel"]
[Black "Buil Rello, Jose Antonio"]
[Result "0-1"]
[WhiteElo "1752"]
[BlackElo "1879"]
[PlyCount "134"]
[EventDate "2016.01.30"]
[WhiteTeam "St. Casablanca C"]
[BlackTeam "Jaime Casas B"]

1. e4 c5 2. Nc3 e6 3. Nf3 a6 4. a4 b6 5. g3 Bb7 6. Bg2 d6 7. O-O Nf6 8. Re1 Be7
9. d4 cxd4 10. Nxd4 Qc7 11. Be3 Nbd7 12. a5 b5 13. Kh1 O-O 14. f3 Ne5 15. Bf2
Rac8 16. Ncxb5 axb5 17. Nxb5 Qxc2 18. Bd4 Ba6 19. Nc3 Qxb2 20. Nd5 Qb7 21. Rb1
Qd7 22. Nb6 Qc6 23. Nxc8 Qxc8 24. Rc1 Qa8 25. Rc7 Bd8 26. Ra7 Qc8 27. Bb6 Nc6
28. Rxa6 Qxa6 29. Bf1 Qb7 30. Bxd8 Rxd8 31. a6 Qb6 32. Qa1 Rb8 33. Rc1 Nd7 34.
Qa2 Nc5 35. Qc4 h6 36. Ra1 Ra8 37. Qc2 Rb8 38. Qa2 Na7 39. Qe2 Qb2 40. Qd1 Rb6
41. Rc1 Qb3 42. Qxb3 Rxb3 43. e5 Nxa6 44. Bxa6 dxe5 45. Rc7 Nb5 46. Rb7 Nd4 47.
Rxb3 Nxb3 48. Kg2 f5 49. Kf2 Kf7 50. Ke3 Ke7 51. h4 Kd6 52. Be2 Kc5 53. Bd1 Nd4
54. g4 Kd5 55. Ba4 f4+ 56. Kf2 e4 57. fxe4+ Kxe4 58. Bd1 Kd3 59. g5 e5 60. Bh5
e4 61. gxh6 gxh6 62. Bg6 Nf3 63. h5 Ne5 64. Bf5 Kd4 65. Be6 Nd3+ 66. Ke2 f3+
67. Kd1 e3 0-1

[Event "Cto Aragon Equipos 2016 Pref Gr II"]
[Site "Aragon"]
[Date "2016.02.13"]
[Round "3.56"]
[White "Salas Latorre, Jose"]
[Black "Vela Frago, Alberto"]
[Result "1-0"]
[WhiteElo "1772"]
[BlackElo "1504"]
[PlyCount "53"]
[EventDate "2016.01.30"]
[WhiteTeam "Jaime Casas B"]
[BlackTeam "St. Casablanca C"]

1. c4 c5 2. e4 Nc6 3. Nf3 d6 4. Be2 g6 5. d4 cxd4 6. Nxd4 Bg7 7. Nxc6 bxc6 8.
Nc3 Nf6 9. O-O O-O 10. Qc2 Bb7 11. Be3 Qc7 12. Rfd1 a6 13. Na4 c5 14. Nc3 e6
15. Bf4 Rfd8 16. Rd2 Rd7 17. Rad1 Rad8 18. Bf3 Nh5 19. Bxh5 gxh5 20. Rd3 Bxc3
21. Qxc3 Bxe4 22. Rg3+ Bg6 23. Qf6 Kf8 24. Qh8+ Ke7 25. Bg5+ f6 26. Bxf6+ Kf7
27. Qg7+ 1-0

[Event "Cto Aragon Equipos 2016 Pref Gr II"]
[Site "Aragon"]
[Date "2016.02.13"]
[Round "3.57"]
[White "Neila Castillo, Miguel Angel"]
[Black "Faro Perella, Alberto"]
[Result "1-0"]
[WhiteElo "2090"]
[BlackElo "1966"]
[PlyCount "33"]
[EventDate "2016.01.30"]
[WhiteTeam "Delicias B"]
[BlackTeam "Binefar"]

1. e4 d6 2. d4 Nf6 3. Nc3 g6 4. f3 Bg7 5. Be3 c6 6. Qd2 O-O 7. Bh6 b5 8. h4
Nbd7 9. h5 b4 10. Nd1 c5 11. Bxg7 Kxg7 12. hxg6 fxg6 13. Qh6+ Kh8 14. Nh3 Ng8
15. Qh4 e6 16. Ng5 h5 17. Nf7+ 1-0

[Event "Cto Aragon Equipos 2016 Pref Gr II"]
[Site "Aragon"]
[Date "2016.02.13"]
[Round "3.58"]
[White "Bayona Bafaluy, Jose Maria"]
[Black "Campo Millan, Diego"]
[Result "0-1"]
[WhiteElo "1823"]
[BlackElo "2062"]
[PlyCount "40"]
[EventDate "2016.01.30"]
[WhiteTeam "Binefar"]
[BlackTeam "Delicias B"]

1. e4 c5 2. Nc3 e6 3. Bc4 a6 4. a4 Nc6 5. Nge2 Nf6 6. Nf4 Be7 7. d3 O-O 8. g4
d5 9. exd5 exd5 10. Ncxd5 Nxg4 11. Rg1 Nce5 12. h3 Nh2 13. Rxg7+ Kxg7 14. Qh5
Nhf3+ 15. Kd1 Bd6 16. Ng2 Kh8 17. Qh6 f6 18. Ngf4 Bf5 19. Nh5 Rg8 20. Nhf4 Rg1+
0-1

[Event "Cto Aragon Equipos 2016 Pref Gr II"]
[Site "Aragon"]
[Date "2016.02.13"]
[Round "3.59"]
[White "Pes Mateo, Angel"]
[Black "Saura Solano, Jose Luis"]
[Result "1-0"]
[WhiteElo "1967"]
[BlackElo "1801"]
[PlyCount "105"]
[EventDate "2016.01.30"]
[WhiteTeam "Delicias B"]
[BlackTeam "Binefar"]

1. d4 Nf6 2. Nf3 d5 3. Bf4 e6 4. e3 Bb4+ 5. c3 Bd6 6. Ne5 Nbd7 7. Nd2 Qe7 8.
Bd3 O-O 9. h4 Ne4 10. Nxe4 dxe4 11. Bxe4 f5 12. Bd3 Bxe5 13. dxe5 Qc5 14. Qc2
Nxe5 15. Bxe5 Qxe5 16. O-O-O b5 17. Rhe1 Bb7 18. f4 Qc5 19. e4 Rad8 20. exf5
exf5 21. Re5 Rd5 22. Bxf5 Rxd1+ 23. Qxd1 Qf2 24. Qd2 Qxh4 25. g4 Bf3 26. Qe1
Qxe1+ 27. Rxe1 g6 28. Bd7 c6 29. Re8 Rxe8 30. Bxe8 Kf8 31. Bd7 Ke7 32. Bc8 h5
33. gxh5 gxh5 34. Bh3 Kf6 35. Kd2 Bg4 36. Bg2 c5 37. b4 cxb4 38. cxb4 Be6 39.
a3 h4 40. Ke3 h3 41. Be4 Bc4 42. Kf2 Be6 43. Kg3 Bf5 44. Bc6 Bd3 45. Kxh3 Kf5
46. Kg3 Bc4 47. Kf3 Kf6 48. Ke4 Be2 49. Bd7 Bc4 50. Kd4 Ke7 51. Bc6 Kf6 52. Be4
Be6 53. Kc5 1-0

[Event "Cto Aragon Equipos 2016 Pref Gr II"]
[Site "Aragon"]
[Date "2016.02.13"]
[Round "3.60"]
[White "Arino Castan, Federico"]
[Black "Sarrio Bambo, Pablo"]
[Result "0-1"]
[WhiteElo "1761"]
[BlackElo "1848"]
[PlyCount "96"]
[EventDate "2016.01.30"]
[WhiteTeam "Binefar"]
[BlackTeam "Delicias B"]

1. d4 d5 2. c4 c6 3. Nc3 Nf6 4. Bg5 dxc4 5. Nf3 h6 6. Bh4 Bf5 7. e3 b5 8. Be2
g5 9. Bg3 Bg7 10. O-O Nbd7 11. Nd2 O-O 12. h4 gxh4 13. Bxh4 Qb6 14. e4 Bh7 15.
e5 Nd5 16. Nxd5 cxd5 17. Nf3 f6 18. Qd2 e6 19. exf6 Nxf6 20. Ne5 Ne4 21. Qe3
Bxe5 22. dxe5 Qxe3 23. fxe3 Bf5 24. Rf4 Kh7 25. Bf3 Rg8 26. Bxe4 Bxe4 27. g3
Bf5 28. Kf2 Rg4 29. Rd1 Rxf4+ 30. exf4 h5 31. Ke3 b4 32. Kd4 Rc8 33. Be7 c3 34.
bxc3 Rc4+ 35. Ke3 bxc3 36. Rd4 Rxd4 37. Kxd4 c2 38. Ba3 Kg6 39. Bc1 Be4 40. Kc5
Kf5 41. Kd6 d4 42. a4 Bd5 43. Kc5 Ke4 44. a5 a6 45. Bd2 Kd3 46. Bc1 Be4 47. Kb6
Kc3 48. Kxa6 d3 0-1

[Event "Cto Aragon Equipos 2016 Pref Gr II"]
[Site "Aragon"]
[Date "2016.02.13"]
[Round "3.61"]
[White "Pellicer Cemeli, Jose Luis"]
[Black "Accattato Martin, Mario"]
[Result "0-1"]
[WhiteElo "1963"]
[BlackElo "2240"]
[PlyCount "66"]
[EventDate "2016.01.30"]
[WhiteTeam "L'Aurora Estadilla B"]
[BlackTeam "Monzon"]

1. e4 d6 2. f4 c5 3. Nf3 g6 4. g3 Bg7 5. Bg2 Nc6 6. c3 Nf6 7. d3 O-O 8. O-O Rb8
9. a4 b6 10. Na3 Ba6 11. Nb5 Bb7 12. f5 c4 13. fxg6 hxg6 14. Ng5 cxd3 15. Qxd3
Ne5 16. Qe2 a6 17. Nd4 Qc7 18. Rf4 Qc4 19. Qd1 Bc8 20. Rh4 Bg4 21. Qd2 a5 22.
h3 Bd7 23. Bf1 Qc5 24. Kg2 Rbc8 25. Qf2 Nc6 26. Be3 Nxd4 27. Bxd4 Qxg5 28. Ba6
Rb8 29. Bc4 Nxe4 30. Rxe4 Bc6 31. Bxg7 Bxe4+ 32. Kh2 Kxg7 33. Qd4+ Qe5 0-1

[Event "Cto Aragon Equipos 2016 Pref Gr II"]
[Site "Aragon"]
[Date "2016.02.13"]
[Round "3.62"]
[White "Citoler Serrat, Adriano"]
[Black "Fuentes Espuna, Juan Antonio"]
[Result "0-1"]
[WhiteElo "1936"]
[BlackElo "1956"]
[PlyCount "78"]
[EventDate "2016.01.30"]
[WhiteTeam "Monzon"]
[BlackTeam "L'Aurora Estadilla B"]

1. e4 c5 2. Nf3 Nc6 3. Bb5 g6 4. O-O Bg7 5. Re1 a6 6. Bf1 d6 7. c3 e5 8. d3
Nge7 9. Nbd2 O-O 10. a4 Rb8 11. g3 b5 12. axb5 axb5 13. Bg2 Bd7 14. h3 Qc8 15.
Kh2 Nd8 16. Nf1 Ne6 17. Ne3 Qb7 18. Nd5 Nxd5 19. exd5 Nc7 20. Nd2 Rbe8 21. Ne4
Qb6 22. b4 f5 23. bxc5 dxc5 24. Nxc5 Qxc5 25. Ba3 Qxf2 26. Bxf8 Rxf8 27. Re2
Qc5 28. Qb3 Kh8 29. Ra3 f4 30. gxf4 exf4 31. d4 Qd6 32. Bf3 Qf6 33. Ra7 Qh4 34.
Rg2 Qxh3+ 35. Kg1 Qxf3 36. Rxc7 Bh3 37. Ra2 Qg3+ 38. Kh1 f3 39. Rxg7 Bg2+ 0-1

[Event "Cto Aragon Equipos 2016 Pref Gr II"]
[Site "Aragon"]
[Date "2016.02.13"]
[Round "3.63"]
[White "Puertolas Serena, Arturo"]
[Black "Barranco Mananet, Fernando"]
[Result "1/2-1/2"]
[WhiteElo "1846"]
[BlackElo "1837"]
[PlyCount "73"]
[EventDate "2016.01.30"]
[WhiteTeam "L'Aurora Estadilla B"]
[BlackTeam "Monzon"]

1. d4 Nf6 2. Nf3 g6 3. e3 Bg7 4. Bd3 d6 5. O-O O-O 6. c4 Nbd7 7. Nc3 Re8 8. Qc2
e5 9. Rd1 exd4 10. exd4 b6 11. Bg5 Bb7 12. d5 Nc5 13. Re1 Qd7 14. Rab1 a5 15.
Bf1 Ba6 16. h3 Rxe1 17. Rxe1 Re8 18. Be3 Nfe4 19. Nxe4 Nxe4 20. Bd4 Nf6 21. Qc3
Nh5 22. Bxg7 Nxg7 23. Nd4 Rxe1 24. Qxe1 Qe8 25. Qxe8+ Nxe8 26. b3 Nf6 27. Bd3
Kf8 28. g4 Nxd5 29. Bxg6 fxg6 30. cxd5 Bb7 31. Ne6+ Ke7 32. Nxc7 h5 33. f4 hxg4
34. hxg4 Kd7 35. Ne6 Ke7 36. Nc7 Kd7 37. Ne6 1/2-1/2

[Event "Cto Aragon Equipos 2016 Pref Gr II"]
[Site "Aragon"]
[Date "2016.02.13"]
[Round "3.64"]
[White "Rodriguez Aranda, Kevin"]
[Black "Rodriguez Avellanas, Jose Manu"]
[Result "0-1"]
[WhiteElo "1748"]
[BlackElo "1784"]
[PlyCount "64"]
[EventDate "2016.01.30"]
[WhiteTeam "Monzon"]
[BlackTeam "L'Aurora Estadilla B"]

1. e4 c6 2. d4 d5 3. Nd2 dxe4 4. Nxe4 Bf5 5. Ng3 Bg6 6. Nf3 Nd7 7. Bf4 Ngf6 8.
Nh4 e6 9. Nxg6 hxg6 10. Bd3 Qb6 11. O-O Qxd4 12. Qf3 Bd6 13. Bxd6 Qxd6 14. Rad1
Qc7 15. Rfe1 O-O-O 16. Qe3 Kb8 17. h3 Nd5 18. Qc1 N7f6 19. a3 Nf4 20. Bf1 Rxd1
21. Rxd1 g5 22. c4 g4 23. hxg4 Ne4 24. Qe3 Nxg3 25. fxg3 Ng6 26. c5 Rd8 27. Rd3
Rd5 28. b4 Qe5 29. Qf3 Rxd3 30. Bxd3 Qd4+ 31. Kh2 Ne5 32. Qe4 Nxg4+ 0-1

[Event "Cto Aragon Equipos 2016 Pref Gr II"]
[Site "Aragon"]
[Date "2016.02.13"]
[Round "3.65"]
[White "Fabre Perez, Jose Maria"]
[Black "Escuer Sanchez, Nestor"]
[Result "0-1"]
[WhiteElo "2057"]
[BlackElo "2066"]
[PlyCount "108"]
[EventDate "2016.01.30"]
[WhiteTeam "Marcos Frechin B"]
[BlackTeam "SMA Barbastro"]

1. e4 e5 2. Nf3 Nc6 3. d4 exd4 4. Nxd4 Bc5 5. Nb3 Bb6 6. Qe2 d6 7. Nc3 Nf6 8.
f3 Be6 9. Be3 Qe7 10. O-O-O O-O-O 11. Bxb6 axb6 12. Qb5 Kb8 13. Qa4 Na7 14. Nd4
Bd7 15. Ncb5 Bxb5 16. Bxb5 c6 17. Bd3 Nd7 18. Qb3 Nc8 19. Nf5 Qg5+ 20. Rd2 g6
21. h4 Qf6 22. Ne3 Rhe8 23. Ng4 Qf4 24. Bc4 f5 25. exf5 gxf5 26. Nf2 d5 27. Bd3
Rg8 28. Nh3 Qh6 29. Ng5 Rxg5 30. Kb1 Rh5 31. Re2 Rxh4 32. Rxh4 Qxh4 33. a4 Nc5
34. Qc3 Nxd3 35. Qxd3 Qf6 36. f4 Nd6 37. Re5 Nc4 38. Qxf5 Qh8 39. a5 Nxe5 40.
fxe5 bxa5 41. e6 Qg7 42. Qf4+ Qc7 43. Qf5 Re8 44. g4 Qd6 45. Qxh7 Qxe6 46. g5
Rf8 47. Qh2+ Kc8 48. Qd2 b6 49. Qd3 Kb7 50. Qh7+ Ka6 51. Qd3+ b5 52. Qg3 Re8
53. Qc7 d4 54. b3 d3 0-1

[Event "Cto Aragon Equipos 2016 Pref Gr II"]
[Site "Aragon"]
[Date "2016.02.13"]
[Round "3.66"]
[White "Andreu Sin, Raul"]
[Black "Sancho Cortes, Miguel Angel"]
[Result "0-1"]
[WhiteElo "2060"]
[BlackElo "2043"]
[PlyCount "84"]
[EventDate "2016.01.30"]
[WhiteTeam "SMA Barbastro"]
[BlackTeam "Marcos Frechin B"]

1. d4 d6 2. c4 g6 3. Nc3 Bg7 4. e4 Nd7 5. Be3 c6 6. Bd3 e5 7. Nge2 Ngf6 8. h3
O-O 9. O-O Nh5 10. Qd2 f5 11. Bg5 Qe8 12. dxe5 dxe5 13. exf5 gxf5 14. Ng3 Nxg3
15. fxg3 e4 16. Bc2 Qe5 17. Kh2 Nb6 18. Bf4 Qd4 19. Qe2 Be6 20. Rad1 Qf6 21.
Bb3 Rad8 22. Bd6 Rfe8 23. g4 Rxd6 24. Rxd6 Qe5+ 25. Kh1 Qxd6 26. c5 Qxc5 27.
gxf5 Bxb3 28. axb3 Bxc3 29. bxc3 Qf8 30. f6 Qf7 31. g4 Nd5 32. g5 Nxc3 33. Qg4
e3 34. Re1 e2 35. Qf3 Ne4 36. Kh2 Nxg5 37. Qg2 Qxf6 38. h4 Qf4+ 39. Kg1 Qxh4
40. Rxe2 Rxe2 41. Qxe2 Qg3+ 42. Kf1 Qf3+ 0-1

[Event "Cto Aragon Equipos 2016 Pref Gr II"]
[Site "Aragon"]
[Date "2016.02.13"]
[Round "3.67"]
[White "Gaspar Calvo, Luis Alberto"]
[Black "Avellanas Pau, Miguel Angel"]
[Result "1-0"]
[WhiteElo "1930"]
[BlackElo "1883"]
[PlyCount "77"]
[EventDate "2016.01.30"]
[WhiteTeam "Marcos Frechin B"]
[BlackTeam "SMA Barbastro"]

1. e4 e5 2. Nf3 Nc6 3. Bb5 a6 4. Bxc6 dxc6 5. O-O Bg4 6. h3 h5 7. d3 Bd6 8.
Nbd2 Qf6 9. Re1 Ne7 10. Qe2 O-O-O 11. d4 Ng6 12. c3 Nf4 13. Qe3 Bxh3 14. dxe5
Bxe5 15. Nxe5 Bxg2 16. Ndf3 Bxf3 17. Qxf4 Bg4 18. Qxf6 gxf6 19. Nxf7 Rhg8 20.
Nxd8 Kxd8 21. f4 h4 22. Kh2 Bf3 23. Rg1 Re8 24. e5 f5 25. Be3 Bg4 26. Rac1 Ke7
27. Rc2 Ke6 28. Rd2 b6 29. Bf2 Rh8 30. c4 Ke7 31. b4 Ke6 32. a4 Ke7 33. Re1 Ke6
34. Re3 h3 35. Red3 b5 36. cxb5 cxb5 37. a5 Bh5 38. Rxh3 Rh7 39. Rh4 1-0

[Event "Cto Aragon Equipos 2016 Pref Gr II"]
[Site "Aragon"]
[Date "2016.02.13"]
[Round "3.69"]
[White "Lopez Caudevilla, David"]
[Black "Malo Guillen, Jose Luis"]
[Result "1-0"]
[WhiteElo "2031"]
[BlackElo "2148"]
[PlyCount "41"]
[EventDate "2016.01.30"]
[WhiteTeam "Actur Rey Fernando"]
[BlackTeam "Las Fuentes"]

1. e4 c5 2. Nc3 Nc6 3. g3 g6 4. Bg2 Bg7 5. d3 d6 6. Be3 e5 7. Qd2 Nge7 8. Bh6
Bxh6 9. Qxh6 Nd4 10. O-O-O b5 11. f4 Bg4 12. Rf1 b4 13. Nb1 Qa5 14. fxe5 Qa4
15. Rf2 Qxa2 16. exd6 Nec6 17. Qg5 Bd1 18. Qd5 Qxd5 19. exd5 b3 20. c3 Nb4 21.
Kxd1 1-0

[Event "Cto Aragon Equipos 2016 Pref Gr II"]
[Site "Aragon"]
[Date "2016.02.13"]
[Round "3.70"]
[White "Alonso Blasco, Jose Miguel"]
[Black "Aviol Perez, Jose Mariano"]
[Result "1/2-1/2"]
[WhiteElo "2064"]
[BlackElo "1821"]
[PlyCount "106"]
[EventDate "2016.01.30"]
[WhiteTeam "Las Fuentes"]
[BlackTeam "Actur Rey Fernando"]

1. e4 d6 2. d4 Nf6 3. Nc3 g6 4. Nf3 Bg7 5. Be2 c5 6. d5 O-O 7. h3 b5 8. Bxb5
Nxe4 9. Nxe4 Qa5+ 10. Nc3 Bxc3+ 11. bxc3 Qxb5 12. Qd3 Ba6 13. Qxb5 Bxb5 14. Bh6
Re8 15. Nd2 e6 16. dxe6 Rxe6+ 17. Be3 Nd7 18. Rb1 Ba6 19. Nf3 Rae8 20. Rb3 Nf6
21. Kd1 Nd5 22. Bh6 Be2+ 23. Kc1 Bxf3 24. gxf3 Nb6 25. Kd1 f6 26. Bd2 Kf7 27.
Re1 Rxe1+ 28. Bxe1 Ke6 29. Bd2 Re7 30. Bf4 g5 31. Bh2 f5 32. f4 g4 33. hxg4
fxg4 34. f5+ Kxf5 35. c4 Nxc4 36. a4 h5 37. Bg3 Kg5 38. Rb8 Ne5 39. Rg8+ Kf5
40. Bh4 Rh7 41. Rf8+ Ke4 42. Re8 Kd5 43. Rd8 Rf7 44. Rh8 Rf5 45. Rh6 Nc4 46.
Kc1 Kc6 47. Bg3 Rd5 48. Rh7 Kb6 49. Bh4 Re5 50. Kb1 a6 51. Bd8+ Kc6 52. Bh4
Nd2+ 53. Kc1 Nf3 1/2-1/2

[Event "Cto Aragon Equipos 2016 Pref Gr II"]
[Site "Aragon"]
[Date "2016.02.13"]
[Round "3.71"]
[White "Fernandez Sierra, Pedro Jose"]
[Black "Mombiela De Sus, Jose Luis"]
[Result "0-1"]
[WhiteElo "1670"]
[BlackElo "1926"]
[PlyCount "58"]
[EventDate "2016.01.30"]
[WhiteTeam "Actur Rey Fernando"]
[BlackTeam "Las Fuentes"]

1. e4 d5 2. exd5 Nf6 3. Nc3 g6 4. Nf3 Bg7 5. Bb5+ Nbd7 6. O-O O-O 7. Re1 Nb6 8.
d4 Nbxd5 9. Nxd5 Nxd5 10. c3 Bf5 11. Bg5 h6 12. Bd2 c6 13. Ba4 a5 14. Qc1 Kh7
15. Ne5 Qc7 16. Bc2 Bxc2 17. Qxc2 c5 18. Rac1 cxd4 19. cxd4 Qxc2 20. Rxc2 Bxe5
21. dxe5 e6 22. Rec1 g5 23. g3 Kg6 24. g4 Rh8 25. Kg2 h5 26. h3 hxg4 27. hxg4
Rh4 28. f3 Rah8 29. Bxa5 Ne3+ 0-1

[Event "Cto Aragon Equipos 2016 Pref Gr II"]
[Site "Aragon"]
[Date "2016.02.13"]
[Round "3.72"]
[White "Javierre Conesa, Alfonso"]
[Black "Arbiol Val, Sergio"]
[Result "0-1"]
[WhiteElo "1919"]
[BlackElo "1552"]
[PlyCount "106"]
[EventDate "2016.01.30"]
[WhiteTeam "Las Fuentes"]
[BlackTeam "Actur Rey Fernando"]

1. d4 d5 2. Nf3 Nf6 3. g3 Bf5 4. Bg2 e6 5. O-O Bd6 6. c4 c5 7. Nc3 Nbd7 8. cxd5
exd5 9. dxc5 Nxc5 10. Nxd5 O-O 11. Bg5 Be7 12. Nxf6+ Bxf6 13. Qxd8 Bxd8 14.
Rac1 Rc8 15. Be3 Be7 16. Nd4 Bd7 17. b4 Ne6 18. a3 Nxd4 19. Bxd4 b6 20. Bb7
Rcd8 21. e3 Bb5 22. Rfe1 Rd6 23. Rc7 Bf6 24. Bxf6 Rxf6 25. Rd1 h6 26. f4 g5 27.
Kf2 Re8 28. Bd5 a6 29. Bb3 a5 30. Rd4 a4 31. Bd5 h5 32. Bf3 gxf4 33. gxf4 h4
34. Rd5 Bc6 35. Rxc6 Rxc6 36. Rg5+ Rg6 37. Rh5 Rc8 38. Bd1 Rc3 39. Bxa4 Rxa3
40. Bd1 Ra2+ 41. Be2 Rb2 42. b5 Kg7 43. Rxh4 Rd6 44. Kf3 Rdd2 45. Rg4+ Kf6 46.
Rg2 Rdc2 47. h4 Rc3 48. h5 Rbb3 49. h6 Rxe3+ 50. Kg4 Rh3 51. Bc4 Rbc3 52. Bd5
Rxh6 53. Rd2 Rch3 0-1

[Event "Cto Aragon Equipos 2016 D Honor Gr II"]
[Site "Aragon"]
[Date "2016.02.20"]
[Round "4.2"]
[White "Roque Sola, Jose Luis"]
[Black "Palacios Latasa, Elias"]
[Result "1/2-1/2"]
[WhiteElo "2066"]
[BlackElo "2238"]
[PlyCount "110"]
[EventDate "2016.??.??"]
[WhiteTeam "Agrupacion B"]
[BlackTeam "El Olivar A"]

1. e4 Nf6 2. e5 Nd5 3. Nc3 Nb6 4. d4 d6 5. exd6 cxd6 6. Nf3 Bg4 7. a4 a5 8. h3
Bxf3 9. Qxf3 Nc6 10. Bb5 d5 11. O-O e6 12. Qg3 Be7 13. Qxg7 Bf6 14. Qg4 Qe7 15.
Ne2 O-O-O 16. Bxc6 bxc6 17. Qf3 Rhg8 18. b3 e5 19. dxe5 Bxe5 20. c3 Rg6 21. Bf4
Rdg8 22. Ng3 f6 23. Rfe1 Qc7 24. Bxe5 fxe5 25. b4 Nc4 26. b5 e4 27. Qf5+ Qd7
28. Qxd7+ Kxd7 29. bxc6+ Kxc6 30. Kf1 Rf8 31. Nh1 h5 32. g3 Rgf6 33. Kg2 Rf3
34. Rac1 Nb2 35. Rc2 Nxa4 36. c4 Nc5 37. cxd5+ Kxd5 38. Ra1 Ra8 39. g4 hxg4 40.
hxg4 a4 41. Ng3 Rf4 42. Rd1+ Kc6 43. Rdc1 Ra5 44. g5 Kb6 45. Kh3 Nd3 46. Rb1+
Rb5 47. Rxb5+ Kxb5 48. g6 Rf6 49. Nxe4 Rxg6 50. Nc3+ Kb4 51. Nxa4 Kxa4 52. Rd2
Nc5 53. f4 Kb3 54. f5 Rg1 55. Rg2 Rxg2 1/2-1/2

[Event "Cto Aragon Equipos 2016 D Honor Gr II"]
[Site "Aragon"]
[Date "2016.02.20"]
[Round "4.3"]
[White "Newrkla, Katharina"]
[Black "Lopez Guaita, Fernando"]
[Result "1-0"]
[WhiteElo "2210"]
[BlackElo "1946"]
[PlyCount "101"]
[EventDate "2016.??.??"]
[WhiteTeam "El Olivar A"]
[BlackTeam "Agrupacion B"]

1. e4 e5 2. Nf3 d6 3. d4 Bg4 4. dxe5 Nd7 5. exd6 Bxd6 6. Be2 Ngf6 7. h3 Bh5 8.
e5 Bxf3 9. Bxf3 Nxe5 10. Bxb7 Rb8 11. Ba6 Rb6 12. Be2 O-O 13. O-O Ne4 14. Nc3
Nxc3 15. bxc3 Bc5 16. Qxd8 Rxd8 17. Bf4 f6 18. Rad1 Bd6 19. Be3 Rb2 20. f4 Nf7
21. Bc4 Rxc2 22. Bxa7 Rxc3 23. Be6 Kf8 24. Bd4 Rc2 25. g3 Re2 26. Bb3 Bb4 27.
Bf2 Nd6 28. Be1 Bc5+ 29. Bf2 Bb4 30. Be1 Ba3 31. Bf2 c5 32. Rfe1 Rxe1+ 33. Bxe1
Ke7 34. Ba5 Ra8 35. Re1+ Kf8 36. Bc7 Nf5 37. Kg2 Rc8 38. Be6 Rxc7 39. Bxf5 c4
40. Bxh7 c3 41. Bg6 Re7 42. Rxe7 Kxe7 43. Bc2 Kd6 44. Kf3 Kd5 45. h4 Bc1 46. a4
Kc4 47. Ke4 Bd2 48. h5 Kb4 49. Kf5 Be1 50. g4 Bd2 51. Kg6 1-0

[Event "Cto Aragon Equipos 2016 D Honor Gr II"]
[Site "Aragon"]
[Date "2016.02.20"]
[Round "4.4"]
[White "Serrat Claver, David"]
[Black "Hernando Garcia, Antonio"]
[Result "1/2-1/2"]
[WhiteElo "1815"]
[BlackElo "2164"]
[PlyCount "97"]
[EventDate "2016.??.??"]
[WhiteTeam "Agrupacion B"]
[BlackTeam "El Olivar A"]

1. e4 d5 2. exd5 Qxd5 3. Nc3 Qd8 4. d4 c6 5. Bc4 Bf5 6. Nf3 e6 7. Ne5 Nd7 8.
Nxd7 Qxd7 9. g4 Bg6 10. h4 h5 11. g5 O-O-O 12. Be3 Bf5 13. Qe2 Bd6 14. O-O-O
Ne7 15. Bd3 Bxd3 16. Qxd3 g6 17. Ne4 Nf5 18. c4 Bf8 19. Qc2 Bg7 20. d5 Nxe3 21.
fxe3 exd5 22. cxd5 Kb8 23. dxc6 Qxc6 24. Qxc6 bxc6 25. Rxd8+ Rxd8 26. Rf1 Rd7
27. Nf6 Rd3 28. Rf3 Bxf6 29. Kc2 Rd6 30. gxf6 Kc7 31. Rf4 Kd7 32. Ra4 Rxf6 33.
Rxa7+ Kd6 34. Ra4 Rf2+ 35. Kc3 Re2 36. Re4 f5 37. Re8 Kd7 38. Re5 Rg2 39. Ra5
Rg4 40. Ra7+ Ke6 41. a4 Rxh4 42. a5 Rh1 43. a6 Ra1 44. b4 h4 45. Kb2 Ra4 46.
Kb3 Ra1 47. Kb2 Ra4 48. Kb3 Ra1 49. Kb2 1/2-1/2

[Event "Cto Aragon Equipos 2016 D Honor Gr II"]
[Site "Aragon"]
[Date "2016.02.20"]
[Round "4.5"]
[White "Nicolas Zapata, Irene"]
[Black "Salamero Pelay, Fernando"]
[Result "1-0"]
[WhiteElo "2239"]
[BlackElo "2169"]
[PlyCount "79"]
[EventDate "2016.??.??"]
[WhiteTeam "Teruel"]
[BlackTeam "Atl. Huesca"]

1. Nf3 Nf6 2. d4 e6 3. e3 b6 4. Bd3 Bb7 5. O-O Be7 6. c4 O-O 7. Nc3 d5 8. Ne5
Nbd7 9. f4 Ne4 10. cxd5 exd5 11. Qf3 f5 12. Qh3 g6 13. Nxe4 Nxe5 14. Nf6+ Bxf6
15. fxe5 Bg5 16. Bd2 c5 17. Rad1 Bc8 18. Qf3 Be6 19. Be1 Qe7 20. Bg3 cxd4 21.
exd4 Qb4 22. Bc2 Qxb2 23. Bb3 Rad8 24. h4 Be7 25. Bf4 Qa3 26. Bh6 Rf7 27. Qg3
Bf8 28. Bg5 Be7 29. Bc1 Qb4 30. h5 Rc8 31. hxg6 Rg7 32. gxh7+ Kh8 33. Qf2 Qc3
34. Bh6 Rxh7 35. Rc1 Qd3 36. Rxc8+ Bxc8 37. Bc2 Qc4 38. Be3 Bh4 39. Qf4 Qxc2
40. Rc1 1-0

[Event "Cto Aragon Equipos 2016 D Honor Gr II"]
[Site "Aragon"]
[Date "2016.02.20"]
[Round "4.6"]
[White "Luis Vitalla, Fernando"]
[Black "Garcia Fernandez, Javier"]
[Result "1/2-1/2"]
[WhiteElo "2117"]
[BlackElo "2173"]
[PlyCount "64"]
[EventDate "2016.??.??"]
[WhiteTeam "Atl. Huesca"]
[BlackTeam "Teruel"]

1. Nf3 Nf6 2. g3 e6 3. Bg2 d5 4. O-O Be7 5. d3 O-O 6. Nbd2 b6 7. e4 Bb7 8. e5
Nfd7 9. Re1 c5 10. h4 Nc6 11. c3 Qc7 12. Qe2 Rae8 13. Nf1 f6 14. exf6 Bxf6 15.
Ng5 Nd8 16. Ne3 d4 17. Ng4 Bxg2 18. Kxg2 Bxg5 19. Bxg5 Nc6 20. h5 Rf5 21. f4 e5
22. Qe4 Ref8 23. h6 g6 24. Rf1 Qd6 25. Rae1 Qe6 26. a3 dxc3 27. bxc3 b5 28. Ne3
R5f7 29. Nd5 Qg4 30. Ne3 Qe6 31. Nd5 Qg4 32. Ne3 Qe6 1/2-1/2

[Event "Cto Aragon Equipos 2016 D Honor Gr II"]
[Site "Aragon"]
[Date "2016.02.20"]
[Round "4.7"]
[White "Martin Catalan, Juan Vicente"]
[Black "Gella Lopez, Angel"]
[Result "1/2-1/2"]
[WhiteElo "2045"]
[BlackElo "2081"]
[PlyCount "69"]
[EventDate "2016.??.??"]
[WhiteTeam "Teruel"]
[BlackTeam "Atl. Huesca"]

1. d4 Nf6 2. Nf3 e6 3. Bf4 b6 4. e3 Bb7 5. Be2 c5 6. c4 cxd4 7. exd4 Bb4+ 8.
Nbd2 O-O 9. O-O d5 10. a3 Bxd2 11. Qxd2 Ne4 12. Qc2 Nd7 13. b4 dxc4 14. Bxc4
Rc8 15. Qb3 Ndf6 16. Rfd1 Nd5 17. Be5 Nd6 18. Rac1 Qd7 19. Bd3 h6 20. h4 Ne7
21. Bb1 Bd5 22. Qe3 Nef5 23. Qf4 f6 24. Bxd6 Qxd6 25. Qg4 Rxc1 26. Rxc1 Bxf3
27. Qxf3 Qxd4 28. Bxf5 exf5 29. Qxf5 Rd8 30. Rc8 Rxc8 31. Qxc8+ Kh7 32. Qc2+
Kh8 33. g3 Qa1+ 34. Kg2 Qxa3 35. Qc8+ 1/2-1/2